Culture générale 3 - Statistiques

Statistiques générales
  • Ce quiz a été pris 100 fois
  • Le résultat moyen est 6 sur 20
Statistiques - réponses
Hint Réponse % Correct
De quel pays les Abruzzes sont-elles une région ? Italie
63%
Quelle branche de la médecine est spécialisée dans le traitement des cancers ? Oncologie
62%
Quelle ville du Vaucluse est considérée comme la capitale du melon ? Cavaillon
56%
Dans quel pays est né Claude François ? Egypte
56%
Dans quel département se trouve le château de Chambord ? Loir-et-Cher
51%
Dans quelle ville les « Cariocas » habitent-ils ? Rio de Janeiro
45%
De quel pays est originaire la salsa ? Cuba
43%
Qui a peint « La persistance de la mémoire » ? Salvador Dali
43%
Comment appelle-t-on l’assemblée de cardinaux chargée d’élire le pape ? Conclave
30%
Dans quel pays se trouve le désert de Gibson ? Australie
25%
Quel complexe de ruines mayas dans la péninsule du Yucatan, au Mexique, est considéré comme l’une des sept nouvelles merveilles du monde ? Chichen Itza
23%
Quel était le prénom du père de Michel Sardou ? Fernand
20%
Quel poète anglais a été un héros de la guerre d’indépendance grecque ? Lord Byron
14%
Quelle était la monnaie de l’Autriche avant le passage à l’euro ? Schilling
12%
Quel dramaturge américain a écrit « Un tramway nommé Désir » et « La chatte sur un toit brûlant » ? Tennessee Williams
12%
Dans quelle ville française se trouve la gare de Châteaucreux ? Saint-Etienne
8%
Quel ancien basketteur des Celtics Boston a remporté le plus de titres de l’histoire de la NBA ? Bill Russell
2%
Quelle française a été 13 fois championne du monde de VTT, a été la première championne olympique de BMX en 2008, et est considérée comme la plus grande « descendeuse » de tous les temps ? Anne-Caroline Chausson
1%
Quel sport équestre collectif est considéré comme le sport national en Afghanistan ? Bouzkachi
1%
Quelle célèbre photographe américaine est connue pour avoir été la première photographe étrangère autorisée à photographier l'industrie soviétique, la première femme correspondant de guerre de l'armée américaine, et la première femme photographe pour le magazine "Life" ? Margaret Bourke-White
1%
Aucun quiz correspondant
Distribution des résultats
% des personnes avec chaque résultat
Percentile par nombre de réponses
Votre historique - résultats
Vous n’avez pas pris ce quiz